000 00300nam a22001337a 4500
003 SGT
082 _a346.5404
_bPRA
100 _aPRAKASH ,PREM
245 _aMOGHA'S THE INDIAN CONVEYANCER
250 _a9TH
260 _aCALCUTTA
_bEASTERN LAW HOUSE
_c1984
300 _aXLIII , 859
942 _2ddc
_cBK
999 _c20752
_d20752